LEADER 02801nam 22005894a 450 001 9910456059203321 005 20200520144314.0 010 $a1-280-82965-6 010 $a9786610829651 010 $a0-85199-884-4 035 $a(CKB)111090529199336 035 $a(EBL)294742 035 $a(OCoLC)437181657 035 $a(SSID)ssj0000262139 035 $a(PQKBManifestationID)11225298 035 $a(PQKBTitleCode)TC0000262139 035 $a(PQKBWorkID)10270134 035 $a(PQKB)10283382 035 $a(MiAaPQ)EBC294742 035 $a(Au-PeEL)EBL294742 035 $a(CaPaEBR)ebr10173502 035 $a(EXLCZ)99111090529199336 100 $a20010914d2002 uy 0 101 0 $aeng 135 $aur|n|---||||| 181 $ctxt 182 $cc 183 $acr 200 00$aTrees on the farm$b[electronic resource] $eassessing the adoption potential of agroforestry practices in Africa /$fedited by S. Franzel, S.J. Scherr 210 $aWallingford, Oxon, UK ;$aNew York $cCABI Pub. in association with the International Centre for Research in Agroforestry$dc2002 215 $a1 online resource (208 p.) 300 $aDescription based upon print version of record. 311 $a0-85199-561-6 320 $aIncludes bibliographical references and index. 327 $aContributors; Foreword; Acknowledgements; 1 Introduction; 2 Methods for Assessing Agroforestry Adoption Potential; 3 Assessing the Adoption Potential of Improved Fallows in Eastern Zambia; 4 The Adoption Potential of Short Rotation Improved Tree Fallows: Evidence from Western Kenya; 5 Assessing the Adoption Potential of Hedgerow Intercropping for Improving Soil Fertility, Western Kenya; 6 Farmer-designed Agroforestry Trials: Farmers' Experiences in Western Kenya; 7 Calliandra calothyrsus: Assessing the Early Stages of Adoption of a Fodder Shrub in the Highlands of Central Kenya 327 $a8 Promoting New Agroforestry Technologies: Policy Lessons from On-farm Research9 Assessing Adoption Potential: Lessons Learned and Future Directions; Glossary; Index 330 $aThis title assesses the adoption of selected agroforestry practices developed with African farmers, describing methods, and drawing out the implications for research, development, and policy. 606 $aAgroforestry systems$zAfrica 606 $aAgroforestry$xTechnology transfer$zAfrica 608 $aElectronic books. 615 0$aAgroforestry systems 615 0$aAgroforestry$xTechnology transfer 676 $a634.9/9/096 701 $aFranzel$b Steven Charles$0997465 701 $aScherr$b Sara J$0900871 801 0$bMiAaPQ 801 1$bMiAaPQ 801 2$bMiAaPQ 906 $aBOOK 912 $a9910456059203321 996 $aTrees on the farm$92287607 997 $aUNINA LEADER 05406oam 2201081 c 450 001 9910372822303321 005 20260302090207.0 010 $a3-8394-0792-3 024 7 $a10.14361/9783839407929 035 $a(CKB)3710000000482747 035 $a(OAPEN)1007389 035 $a(DE-B1597)461367 035 $a(OCoLC)979634077 035 $a(OCoLC)980251483 035 $a(DE-B1597)9783839407929 035 $a(MiAaPQ)EBC5494279 035 $a(Au-PeEL)EBL5494279 035 $a(OCoLC)1049913531 035 $a(transcript Verlag)9783839407929 035 $a(MiAaPQ)EBC6955746 035 $a(Au-PeEL)EBL6955746 035 $a(oapen)https://directory.doabooks.org/handle/20.500.12854/34560 035 $a(ScCtBLL)6278ae85-9a88-4355-8f72-6c639dab4f29 035 $a(EXLCZ)993710000000482747 100 $a20260302h20152007 uy 0 101 0 $ager 135 $auuuuu---auuuu 181 $ctxt$2rdacontent 182 $cc$2rdamedia 183 $acr$2rdacarrier 200 10$aVon der »Kultur« zur »Rasse« ? vom Objekt zum Körper?$eVölkerkundemuseen und ihre Wissenschaften zu Beginn des 20. Jahrhunderts$fAnja Laukötter 205 $a1st ed. 210 $aBielefeld$ctranscript Verlag$d2015 210 $d2015, c2007 215 $a1 online resource (388) 225 0 $aScience Studies 311 08$a3-89942-792-0 327 $aFrontmatter 1 Inhalt 5 1. Einleitung 7 2. Die theoretischen Ansa?tze 57 3. Die wissenschaftliche Praxis 139 4. Schlussbemerkung 315 I. Unvero?ffentlichte Quellen 327 II. Vero?ffentlichte Quellen 334 III . Literatur 342 IV. Bildnachweise 381 Dank 385 Backmatter 386 330 $aWie verlaufen die Argumentationsmuster in Völkerkundemuseen und den Wissenschaften der Völkerkunde sowie der Anthropologie zu Beginn des 20. Jahrhunderts? Das Buch versucht, dieser Frage an zwei Fallbeispielen nachzugehen, indem der theoretische Diskurs der Sammlungs-, Ausstellungs-, Lehr- und Forschungspraxis gegenübergestellt wird.Der identifizierte Wandel von einem »Kultur«- hin zu einem »Rasse«-Begriff sowie der Perspektivenwechsel von Objekten hin zu Körpern wird dabei in einem breiten kolonialen Kontext interpretiert ? über ein tradiertes Epochenverständnis hinaus. Dadurch werden Kontinuitäten und Brüche präziser erkennbar als bislang üblich. 330 1 $aBesprochen in:EAZ, 4 (2007), Ulrich van der Heyden www.freiburg-postkolonial.de, 8 (2008), Christoph Seidler 330 1 $a»Die Untersuchung leistet vor allem einen Beitrag zur historischen Aufarbeitung der eigenen Wissenschaftsdisziplin, und damit sind nicht nur Historiker, sondern auch Volkskundler und Ethnologen angesprochen.Als Fazit bleibt festzuhalten, dass der interdisziplinäre Ansatz überzeugt und die Studie ein Gewinn für die kulturwissenschaftlich orientierte Geschichtswissenschaft ist.« 330 1 $a»[Das] vorliegende Forschungsergebnis [ist] beeindruckend genug und macht den Fortschritt in unserem Wissen über zwei führende Völkerkundemuseen zur Hochzeit des Kolonialismus deutlich.« 330 1 $a»Anja Laukötters akribisch recherchierte und gut lesbare Studie füllt [...] nicht nur für Wissenschaftshistoriker eine Forschungs- und für an der eigenen Fachgeschichte interessierte Ethnologen eine Wissenslücke. Das Ringen der beiden Protagonisten erzählt nicht nur eine Geschichte über die Konjunkturen völkerkundlicher Deutungsangebote, sondern lässt ebenso das Ausmaß an Verunsicherung und notwendiger Selbstvergewisserung erkennen, das die Weltkriegsniederlage und der Verlust der Kolonien in den Kreisen der deutschen akademischen Elite hervorgerufen haben.« 410 0$aScience Studies 517 2 $aLaukötter, Von der »Kultur«$eVölkerkundemuseen und ihre Wissenschaften zu Beginn des 20. Jahrhunderts 606 $aVölkerkundemuseum 606 $aEthnology 606 $aAnthropologie 606 $aScience 606 $aEthnologie 606 $aMuseum 606 $aRacism 606 $aAnthropometrie 606 $aRepräsentationen 606 $aHistory of Science 606 $aSammlungsgeschichte 606 $aMuseology 606 $aWissenschaft 606 $aCultural History 606 $aHistory 606 $aRassismus 606 $aWissenschaftsgeschichte 606 $aMuseumswissenschaft 606 $aKulturgeschichte 606 $aGeschichtswissenschaft 615 4$aVölkerkundemuseum 615 4$aEthnology 615 4$aAnthropologie 615 4$aScience 615 4$aEthnologie 615 4$aMuseum 615 4$aRacism 615 4$aAnthropometrie 615 4$aRepräsentationen 615 4$aHistory of Science 615 4$aSammlungsgeschichte 615 4$aMuseology 615 4$aWissenschaft 615 4$aCultural History 615 4$aHistory 615 4$aRassismus 615 4$aWissenschaftsgeschichte 615 4$aMuseumswissenschaft 615 4$aKulturgeschichte 615 4$aGeschichtswissenschaft 686 $aLB 34015$2rvk 700 $aLaukötter$b Anja$p

Anja Laukötter, Friedrich-Schiller-Universität Jena, Deutschland

$4aut$0911674 801 0$bDE-B1597 801 1$bDE-B1597 906 $aBOOK 912 $a9910372822303321 996 $aVon der »Kultur« zur »Rasse« - vom Objekt zum Körper$92041525 997 $aUNINA